K problematike ponúk s neobvykle nízkou cenou vo verejnom obstrávaní - vo svetle legislatívy Slovenskej republiky, Európskej únie aj judikatúry Súdneho dvora Európskej únie

Nové smernice Európskeho parlamentu a Rady transponované do zákona o verejnom obstarávaní (č. 343/2015 Z. z.). Vyhodnocovanie ponúk vo verejnom obstarávaní. Vysvetlenie neobvykle nízkej ponuky. Podmienky pre vylúčenie neobvykle nízkej ponuky - vnútroštátna legislatíva. Podmienky pre vylúčenie neobvy...

ver descrição completa

Na minha lista:
Detalhes bibliográficos
Autor principal: Sabo, Mikuláš
Formato: Capítulo de Livro
Idioma:eslovaco
Assuntos:
Tags: Adicionar Tag
Sem tags, seja o primeiro a adicionar uma tag!

MARC

LEADER 00000naa a2200000 4500
001 0222084
005 20240502073635.8
041 0 |a slo 
044 |a SK 
245 1 0 |a K problematike ponúk s neobvykle nízkou cenou vo verejnom obstrávaní - vo svetle legislatívy Slovenskej republiky, Európskej únie aj judikatúry Súdneho dvora Európskej únie  |c Mikuláš Sabo 
520 |a Nové smernice Európskeho parlamentu a Rady transponované do zákona o verejnom obstarávaní (č. 343/2015 Z. z.). Vyhodnocovanie ponúk vo verejnom obstarávaní. Vysvetlenie neobvykle nízkej ponuky. Podmienky pre vylúčenie neobvykle nízkej ponuky - vnútroštátna legislatíva. Podmienky pre vylúčenie neobvykle nízkej ponuky - povinnosť vysvetlenia. 
610 2 0 |a obstarávanie verejné 
610 2 0 |a ceny 
610 2 0 |a ponuka 
610 2 0 |a legislatíva 
610 2 0 |a Slovensko 
610 2 0 |a Európska únia 
100 1 |a Sabo, Mikuláš